00521nam a2200169Ia 4500008004100000082001900041100003200060245004700092250000600139260003700145300001000182500002400192650001200216942000700228952009900235999001700334230524s9999 xx 000 0 und d a530.02462bCHA aAmal Kr. Chakrabarty941959 2aA Textbook of Advanced Engineering Physics a1 aKolkatabChhaya Prakashanic2011 a396p; aQuantity Number: 1 aPhysics cBK 00104070aTATCLbTATCLcGENd2023-05-24l0o530.02462 CHAp53820r2023-05-24w2023-05-24yBK c56374d56374